Photonic crystals : molding the flow of light (Record no. 7781)

000 -LEADER
fixed length control field 00848 a2200229 4500
020 ## - INTERNATIONAL STANDARD BOOK NUMBER
International Standard Book Number 0691037442
020 ## - INTERNATIONAL STANDARD BOOK NUMBER
International Standard Book Number 9780691037448
035 ## - SYSTEM CONTROL NUMBER
System control number (OCoLC)ocm30474652
040 ## - CATALOGING SOURCE
Original cataloging agency DLC
Language of cataloging DLC
082 00 - DEWEY DECIMAL CLASSIFICATION NUMBER
Classification number 537
100 1# - MAIN ENTRY--PERSONAL NAME
Personal name Joannopoulos, J. D.
245 10 - TITLE STATEMENT
Title Photonic crystals : molding the flow of light
Remainder of title molding the flow of light
Statement of responsibility, etc. John D. Joannopoulos, Robert D. Meade, Joshua N. Winn.
260 ## - PUBLICATION, DISTRIBUTION, ETC.
Place of publication, distribution, etc. Princeton, N.J. :
Name of publisher, distributor, etc. Princeton University Press,
Date of publication, distribution, etc. c1995.
300 ## - PHYSICAL DESCRIPTION
Extent ix, 137 p. :
Other physical details ill. (some col.) ;
Dimensions 25 cm.
650 #0 - SUBJECT ADDED ENTRY--TOPICAL TERM
Topical term or geographic name entry element Photons.
650 #0 - SUBJECT ADDED ENTRY--TOPICAL TERM
Topical term or geographic name entry element Crystal optics.
700 1# - ADDED ENTRY--PERSONAL NAME
Personal name Meade, Robert D.
Dates associated with a name 1963-
700 1# - ADDED ENTRY--PERSONAL NAME
Personal name Winn, Joshua N.
856 41 - ELECTRONIC LOCATION AND ACCESS
Materials specified Table of contents
Uniform Resource Identifier <a href="http://www.loc.gov/catdir/toc/prin031/94012372.html">http://www.loc.gov/catdir/toc/prin031/94012372.html</a>
856 41 - ELECTRONIC LOCATION AND ACCESS
Materials specified Publisher description
Uniform Resource Identifier <a href="http://www.loc.gov/catdir/description/prin021/94012372.html">http://www.loc.gov/catdir/description/prin021/94012372.html</a>
942 ## - ADDED ENTRY ELEMENTS (KOHA)
Koha item type Book
Call number prefix 537 JOA
Source of classification or shelving scheme
Holdings
Withdrawn status Lost status Damaged status Not for loan Collection code Permanent Location Current Location Shelving location Date acquired Source of acquisition Cost, normal purchase price Total Checkouts Full call number Barcode Date last seen Date last checked out Price effective from Koha item type
          Central Library (CL) Central Library (CL) General Stacks 01/12/2007 Progressive International Agencies 3566.97 1 537 JOA SEECS007971 09/01/2023 08/09/2023 01/05/2017 Book
© 2023 Central Library, National University of Sciences and Technology. All Rights Reserved.